[Event "Moravia-Silesia Region-chT 2223"]
[Site "Czech Republic"]
[Date "2022.10.09"]
[Round "1"]
[White "Borovicka, Bohumil"]
[Black "Matonoha, Petr"]
[Result "1/2-1/2"]
[WhiteElo "1857"]
[BlackElo "1989"]
[PlyCount "68"]
[EventDate "2022.10.09"]
[EventType "team-tourn"]
[EventRounds "11"]
[EventCountry "CZE"]
[SourceTitle "EXT 2024"]
[Source "ChessBase"]
[SourceDate "2023.10.10"]
[SourceVersion "1"]
[SourceVersionDate "2023.10.10"]
[SourceQuality "1"]
[WhiteTeam "Koprivnice Tatra II"]
[BlackTeam "Bruntal"]
[WhiteTeamCountry "CZE"]
[BlackTeamCountry "CZE"]

1. e4 c6 2. d4 d5 3. exd5 cxd5 4. Bd3 Nc6 5. c3 Nf6 6. Bf4 Bg4 7. Qb3 Qd7 8. Nd2 e6 9. Ngf3 Bxf3 10. Nxf3 Bd6 11. Bxd6 Qxd6 12. 0-0 0-0 13. Rae1 a6 14. Ne5 Nd7 15. f4 b5 16. Re3 f5 17. Rfe1 Ndxe5 18. fxe5 Qe7 19. Rf3 g6 20. a4 b4 21. Qd1 Rfb8 22. Qe2 bxc3 23. bxc3 Qa3 24. Bc2 Rb2 25. Qd3 Qa2 26. Re2 Na5 27. g4 Nc4 28. gxf5 exf5 29. Rxf5 gxf5 30. Qxf5 Rxc2 31. Qg5+ Kh8 32. Qf6+ Kg8 33. Qg5+ Kh8 34. Qf6+ Kg8 1/2-1/2

[Event "Pardubice Czech op-C 30th"]
[Site "Pardubice"]
[Date "2019.07.23"]
[Round "5"]
[White "Borovicka, Bohumil"]
[Black "Sill, Olaf"]
[Result "1-0"]
[WhiteElo "1960"]
[BlackElo "1741"]
[PlyCount "83"]
[EventDate "2019.07.20"]
[EventType "swiss"]
[EventRounds "9"]
[EventCountry "CZE"]
[SourceTitle "EXT 2020"]
[Source "ChessBase"]
[SourceDate "2019.10.17"]
[SourceVersion "1"]
[SourceVersionDate "2019.10.17"]
[SourceQuality "1"]

1. e4 b6 2. d4 Bb7 3. Bd3 Nf6 4. Qe2 e6 5. Nf3 c5 6. c3 Be7 7. 0-0 0-0 8. Nbd2 cxd4 9. cxd4 Nc6 10. a3 h6 11. b4 d5 12. e5 Nh7 13. Bb2 Ng5 14. Nxg5 Bxg5 15. f4 Be7 16. Qh5 f5 17. exf6 Bxf6 18. Nf3 Ne7 19. g4 g6 20. Bxg6 Bg7 21. Ne5 Nxg6 22. Qxg6 Rf6 23. Qd3 Qd6 24. h4 Bc6 25. Rac1 Rc8 26. Rc2 Bd7 27. Rg2 Rff8 28. g5 hxg5 29. hxg5 Bxe5 30. dxe5 Qe7 31. Rh2 Qg7 32. Rh6 Be8 33. Kg2 Rf5 34. Rxe6 Bg6 35. Qd2 Rxg5+ 36. fxg5 Rc2 37. Re8+ Bxe8 38. Qxc2 Qxg5+ 39. Kf2 Qh4+ 40. Kg1 Bb5 41. Qg6+ Kh8 42. Rf8# 1-0

[Event "Bohumin op 2nd"]
[Site "Bohumin"]
[Date "2019.06.30"]
[Round "9"]
[White "Mrozek, Wojciech"]
[Black "Borovicka, Bohumil"]
[Result "0-1"]
[WhiteElo "1090"]
[BlackElo "1960"]
[PlyCount "86"]
[EventDate "2019.06.22"]
[EventType "swiss"]
[EventRounds "9"]
[EventCountry "CZE"]
[SourceTitle "CBM 191 Extra"]
[Source "ChessBase"]
[SourceDate "2019.09.30"]
[SourceVersion "1"]
[SourceVersionDate "2019.09.30"]
[SourceQuality "1"]

1. e4 Nf6 2. Nc3 d5 3. exd5 Nxd5 4. Bc4 c6 5. Qf3 e6 6. Nge2 Nd7 7. 0-0 Ne5 8. Qe4 Nxc4 9. Qxc4 Be7 10. d4 0-0 11. Be3 Qd7 12. Rad1 b6 13. Nf4 Nb4 14. Qe2 Ba6 15. Nd3 Nxd3 16. cxd3 Bf6 17. Qg4 Rfd8 18. Ne2 e5 19. Qxd7 Rxd7 20. dxe5 Bxe5 21. Nc3 Rxd3 22. Rxd3 Bxd3 23. Rd1 Bc4 24. b3 Be6 25. Ne4 f6 26. g3 Bd5 27. Nd2 Rd8 28. f4 Bc7 29. Nb1 Be4 30. Rxd8+ Bxd8 31. Nc3 Bd3 32. Kf2 f5 33. Bd2 Bf6 34. Ke3 Bc2 35. Ke2 Kf7 36. Ke3 Ke6 37. Ke2 Bd4 38. h3 g6 39. Kf3 a6 40. Ke2 c5 41. Kf3 b5 42. Ke2 b4 43. Na4 Bb1 0-1

[Event "Pardubice Czech op-C 29th"]
[Site "Pardubice"]
[Date "2018.07.26"]
[Round "7"]
[White "Trubacheva, Lidia"]
[Black "Borovicka, Bohumil"]
[Result "1/2-1/2"]
[WhiteElo "1747"]
[BlackElo "1961"]
[PlyCount "110"]
[EventDate "2018.07.21"]
[EventType "swiss"]
[EventRounds "9"]
[EventCountry "CZE"]
[SourceTitle "CBM 186 Extra"]
[Source "ChessBase"]
[SourceDate "2018.08.24"]
[SourceVersion "1"]
[SourceVersionDate "2018.08.24"]
[SourceQuality "1"]

1. e4 Nf6 2. Nc3 d5 3. e5 Nfd7 4. d4 Nb6 5. f4 h5 6. Nf3 Bg4 7. h3 Bxf3 8. Qxf3 e6 9. Bd3 g6 10. Be3 Nc6 11. a3 Be7 12. 0-0-0 h4 13. Ne2 Qd7 14. g4 hxg3 15. Nxg3 0-0-0 16. f5 Bh4 17. fxg6 fxg6 18. Qg4 Ne7 19. Rdf1 Bxg3 20. Qxg3 Nf5 21. Bxf5 gxf5 22. h4 Rdg8 23. Qf2 Qf7 24. Rfg1 Qh5 25. Bg5 Nd7 26. Qd2 b6 27. Qd3 Kb7 28. c4 c6 29. Kb1 Qf7 30. Rc1 Rc8 31. a4 c5 32. cxd5 exd5 33. Rhf1 Rcf8 34. Rce1 Qe6 35. Rf4 Rh7 36. Rd1 c4 37. Qa3 Rhf7 38. Re1 a6 39. Qd6 Qxd6 40. exd6 Kc6 41. Be7 Rh8 42. Rg1 Nf8 43. Rg5 Ne6 44. Rgxf5 Rxf5 45. Rxf5 Nxd4 46. Rf8 Rxf8 47. Bxf8 Ne6 48. Be7 Nf4 49. Kc2 d4 50. Kd2 b5 51. axb5+ axb5 52. Bf6 d3 53. Be5 Nh5 54. Kc3 Kd7 55. b3 Ke6 1/2-1/2

[Event "Karvina op"]
[Site "Karvina"]
[Date "2015.07.02"]
[Round "6"]
[White "Grishchenko, Sergey"]
[Black "Borovicka, Bohumil"]
[Result "1-0"]
[WhiteElo "2440"]
[BlackElo "1967"]
[PlyCount "79"]
[EventDate "2015.06.27"]
[EventType "swiss"]
[EventRounds "9"]
[EventCountry "CZE"]
[SourceTitle "CBM 167 Extra"]
[Source "ChessBase"]
[SourceDate "2015.09.14"]
[SourceVersion "1"]
[SourceVersionDate "2015.09.14"]
[SourceQuality "1"]

1. d4 d5 2. c4 e6 3. Nc3 Nf6 4. cxd5 exd5 5. Bg5 c6 6. Qc2 Be7 7. e3 Nbd7 8. Bd3 Nh5 9. Bxe7 Qxe7 10. g4 Nf4 11. Bf1 Nb6 12. h3 Bd7 13. Nf3 Ne6 14. Ne5 h5 15. gxh5 Rxh5 16. 0-0-0 0-0-0 17. Be2 Rh6 18. Rdg1 Kb8 19. Qf5 f6 20. Nxd7+ Nxd7 21. Rg6 Rdh8 22. Rxh6 Rxh6 23. Bd3 g6 24. Qf3 f5 25. Ne2 Qh4 26. Qg2 Ndf8 27. Qh2+ Kc8 28. a3 Qf6 29. Qd6 g5 30. Ng3 f4 31. Nf5 Rh7 32. exf4 gxf4 33. Rg1 Rd7 34. Qb4 c5 35. dxc5 Nxc5 36. Bc2 Rc7 37. Kb1 Nfe6 38. Rd1 Rd7 39. Nd4 Kb8 40. Bf5 1-0

[Event "Karvina op"]
[Site "Karvina"]
[Date "2015.06.30"]
[Round "4"]
[White "Snopek, Jiri"]
[Black "Borovicka, Bohumil"]
[Result "0-1"]
[WhiteElo "1767"]
[BlackElo "1967"]
[PlyCount "59"]
[EventDate "2015.06.27"]
[EventType "swiss"]
[EventRounds "9"]
[EventCountry "CZE"]
[SourceTitle "CBM 167 Extra"]
[Source "ChessBase"]
[SourceDate "2015.09.14"]
[SourceVersion "1"]
[SourceVersionDate "2015.09.14"]
[SourceQuality "1"]

1. Nf3 d5 2. c4 c6 3. b3 Bf5 4. Bb2 Nf6 5. g3 e6 6. d3 Be7 7. Bg2 h6 8. 0-0 0-0 9. Nbd2 Nbd7 10. Qc2 a5 11. a3 Bh7 12. Qc3 c5 13. d4 Rc8 14. e3 Ne4 15. Nxe4 Bxe4 16. Ne5 Bxg2 17. Kxg2 cxd4 18. exd4 dxc4 19. Nxd7 Qxd7 20. Qxa5 cxb3 21. Rac1 Rc2 22. Rxc2 bxc2 23. Rc1 Rc8 24. a4 Qc6+ 25. Kg1 Bg5 26. f4 Bf6 27. Qb5 Qe4 28. Qb6 Rd8 29. d5 Qxd5 30. Bxf6 0-1

[Event "Karvina op"]
[Site "Karvina"]
[Date "2015.06.29"]
[Round "3"]
[White "Borovicka, Bohumil"]
[Black "Kutalek, Jan"]
[Result "1/2-1/2"]
[WhiteElo "1967"]
[BlackElo "1740"]
[PlyCount "82"]
[EventDate "2015.06.27"]
[EventType "swiss"]
[EventRounds "9"]
[EventCountry "CZE"]
[SourceTitle "CBM 167 Extra"]
[Source "ChessBase"]
[SourceDate "2015.09.14"]
[SourceVersion "1"]
[SourceVersionDate "2015.09.14"]
[SourceQuality "1"]

1. e4 e6 2. b3 d5 3. Bb2 dxe4 4. Nc3 Nf6 5. Qe2 Bb4 6. 0-0-0 0-0 7. Nxe4 Nxe4 8. Qxe4 Nc6 9. Nf3 Qe7 10. d4 Ba3 11. Bd3 f5 12. Qe3 Bd7 13. Rhe1 a5 14. c3 Rfe8 15. Bc4 a4 16. Nd2 axb3 17. Bxb3 Bxb2+ 18. Kxb2 Na5 19. Ra1 b5 20. f4 Ra6 21. g3 Rb8 22. Qd3 Rc6 23. Kc2 Bc8 24. Qxf5 Qd6 25. Qe5 Qd7 26. Ne4 Nc4 27. Bxc4 Rxc4 28. Nc5 Qd6 29. Qe4 Rxc5 30. dxc5 Qxc5 31. Qd4 Qf8 32. Rad1 Bb7 33. Qb4 Qf5+ 34. Kb2 Bd5 35. Rd2 Ra8 36. a3 c6 37. Qe7 h6 38. Qd6 Qf6 39. Re5 Rd8 40. Qc5 Ra8 41. Qd6 Rf8 1/2-1/2

[Event "Karvina op"]
[Site "Karvina"]
[Date "2014.07.06"]
[Round "9"]
[White "Borovicka, Bohumil"]
[Black "Shilov, Sergej"]
[Result "0-1"]
[WhiteElo "2005"]
[BlackElo "2121"]
[PlyCount "80"]
[EventDate "2014.06.28"]
[EventType "swiss"]
[EventRounds "9"]
[EventCountry "CZE"]
[SourceTitle "CBM 161 Extra"]
[Source "ChessBase"]
[SourceDate "2014.08.29"]
[SourceVersion "1"]
[SourceVersionDate "2014.08.29"]
[SourceQuality "1"]

1. d4 Nf6 2. Bf4 c5 3. e3 Qb6 4. Na3 cxd4 5. exd4 Nc6 6. Nf3 Nd5 7. Nc4 Qd8 8. Bg3 d6 9. c3 Bg4 10. Be2 e6 11. 0-0 Be7 12. Qd2 0-0 13. h3 Bh5 14. Nh2 Bg6 15. f4 Nf6 16. Bf3 Ne4 17. Bxe4 Bxe4 18. Qe2 f5 19. Nf3 h6 20. Ncd2 d5 21. Ne5 Nxe5 22. Nxe4 dxe4 23. fxe5 Qd5 24. Bf2 f4 25. g3 g5 26. c4 Qc6 27. Rad1 e3 28. Be1 Rac8 29. Qd3 Kg7 30. b3 b5 31. Rc1 fxg3 32. Bxg3 Rxf1+ 33. Rxf1 bxc4 34. bxc4 Qxc4 35. Qxe3 Qxa2 36. Bf2 Qd5 37. Ra1 a5 38. Be1 Rc2 39. Bf2 Bb4 40. Rf1 Rc3 0-1

[Event "Ostrava Konik op"]
[Site "Ostrava"]
[Date "2014.05.03"]
[Round "8"]
[White "Sandor, Stefan"]
[Black "Borovicka, Bohumil"]
[Result "0-1"]
[WhiteElo "1653"]
[BlackElo "2000"]
[PlyCount "52"]
[EventDate "2014.04.26"]
[EventType "swiss"]
[EventRounds "9"]
[EventCountry "CZE"]
[SourceTitle "CBM 160 Extra"]
[Source "ChessBase"]
[SourceDate "2014.07.01"]
[SourceVersion "1"]
[SourceVersionDate "2014.07.01"]
[SourceQuality "1"]

1. e4 e6 2. d4 d5 3. exd5 exd5 4. Nf3 Nc6 5. Bb5 Nge7 6. 0-0 a6 7. Ba4 b5 8. Bb3 g6 9. c3 Bg7 10. Bf4 0-0 11. Qc1 Bg4 12. Nbd2 Qd7 13. Re1 Rfe8 14. Bc2 Bf5 15. Ne5 Nxe5 16. Bxe5 Nc6 17. Bxf5 Qxf5 18. Bxc7 Rec8 19. Bg3 Nxd4 20. Qb1 Nc2 21. Nf3 Nxa1 22. Qxf5 gxf5 23. Rxa1 b4 24. Nd4 bxc3 25. bxc3 Rxc3 26. Nxf5 Rxg3 0-1

[Event "Ostrava Konik op"]
[Site "Ostrava"]
[Date "2014.05.02"]
[Round "7"]
[White "Borovicka, Bohumil"]
[Black "Havelka, Ondrej"]
[Result "0-1"]
[WhiteElo "2000"]
[BlackElo "1661"]
[PlyCount "40"]
[EventDate "2014.04.26"]
[EventType "swiss"]
[EventRounds "9"]
[EventCountry "CZE"]
[SourceTitle "CBM 160 Extra"]
[Source "ChessBase"]
[SourceDate "2014.07.01"]
[SourceVersion "1"]
[SourceVersionDate "2014.07.01"]
[SourceQuality "1"]

1. d4 d5 2. Bf4 Nf6 3. e3 e6 4. Nd2 c5 5. c3 Nc6 6. Bd3 Be7 7. Ngf3 0-0 8. Ne5 Nd7 9. Ndf3 Ndxe5 10. dxe5 f5 11. h4 d4 12. Qc2 Qd5 13. e4 Qd8 14. exf5 exf5 15. Bc4+ Kh8 16. 0-0-0 Qa5 17. Ng5 b5 18. Bd5 Bd7 19. Kb1 c4 20. cxd4 Nb4 0-1

[Event "Karvina op"]
[Site "Karvina"]
[Date "2013.07.07"]
[Round "9"]
[White "Borovicka, Bohumil"]
[Black "Bausano, Michael"]
[Result "1-0"]
[WhiteElo "2000"]
[BlackElo "1774"]
[PlyCount "55"]
[EventDate "2013.06.29"]
[EventType "swiss"]
[EventRounds "9"]
[EventCountry "CZE"]
[SourceTitle "CBM 155 Extra"]
[Source "ChessBase"]
[SourceDate "2013.08.26"]
[SourceVersion "1"]
[SourceVersionDate "2013.08.26"]
[SourceQuality "1"]

1. d4 d5 2. Nc3 Nf6 3. Bg5 e6 4. Nf3 Be7 5. Bxf6 Bxf6 6. e4 0-0 7. Bd3 b6 8. Qe2 Bb7 9. e5 Be7 10. h4 Nd7 11. 0-0-0 h6 12. Nb1 c5 13. c3 c4 14. Bc2 b5 15. g4 g6 16. Ng1 Kg7 17. f4 Rh8 18. h5 g5 19. f5 Kg8 20. f6 Bf8 21. Nf3 b4 22. Qe3 bxc3 23. Nxc3 Bb4 24. Nxg5 Bxc3 25. bxc3 Qa5 26. Nf3 Kf8 27. Kd2 Nb6 28. g5 1-0

[Event "Karvina op"]
[Site "Karvina"]
[Date "2013.07.04"]
[Round "6"]
[White "Weissmann, Lukas"]
[Black "Borovicka, Bohumil"]
[Result "1-0"]
[WhiteElo "2136"]
[BlackElo "2000"]
[PlyCount "93"]
[EventDate "2013.06.29"]
[EventType "swiss"]
[EventRounds "9"]
[EventCountry "CZE"]
[SourceTitle "CBM 155 Extra"]
[Source "ChessBase"]
[SourceDate "2013.08.26"]
[SourceVersion "1"]
[SourceVersionDate "2013.08.26"]
[SourceQuality "1"]

1. Nf3 d5 2. c4 c6 3. d4 e6 4. Nc3 Nf6 5. e3 Ne4 6. Bd3 f5 7. Ne5 Qh4 8. Bxe4 dxe4 9. 0-0 Bd6 10. f4 0-0 11. Qe2 Nd7 12. Bd2 c5 13. Nb5 Qe7 14. a3 Bxe5 15. dxe5 b6 16. b4 Rd8 17. Bc3 Bb7 18. Nd6 Rab8 19. Rfd1 a6 20. b5 axb5 21. Nxb5 Bc6 22. Rd6 Bxb5 23. cxb5 Nf8 24. Rad1 Rd7 25. Qd2 Ra7 26. Bb2 Qe8 27. Rc6 Rd7 28. Rd6 Ra7 29. Qe2 Ra5 30. Rc6 Ra7 31. Rdd6 Rab7 32. g4 g6 33. h3 Qe7 34. g5 Kg7 35. h4 h5 36. Qc4 Kf7 37. Kg2 Qe8 38. Kg3 Qe7 39. Bc3 Qe8 40. a4 Kg7 41. a5 bxa5 42. b6 a4 43. Qxc5 Kh8 44. Rc7 Rxc7 45. bxc7 Rc8 46. Bb4 Kg8 47. Qb6 1-0

[Event "Karvina op"]
[Site "Karvina"]
[Date "2013.07.02"]
[Round "4"]
[White "Novosadova, Kristyna"]
[Black "Borovicka, Bohumil"]
[Result "1-0"]
[WhiteElo "2179"]
[BlackElo "2000"]
[PlyCount "67"]
[EventDate "2013.06.29"]
[EventType "swiss"]
[EventRounds "9"]
[EventCountry "CZE"]
[SourceTitle "CBM 155 Extra"]
[Source "ChessBase"]
[SourceDate "2013.08.26"]
[SourceVersion "1"]
[SourceVersionDate "2013.08.26"]
[SourceQuality "1"]

1. e4 e6 2. d4 d5 3. Nc3 Bb4 4. e5 c5 5. a3 Bxc3+ 6. bxc3 Qa5 7. Bd2 Qa4 8. Qb1 c4 9. Be2 Nc6 10. Nh3 Nge7 11. Nf4 Bd7 12. h4 0-0-0 13. Nh5 Rhg8 14. g4 Rdf8 15. Bg5 Re8 16. Rh3 h6 17. Be3 Nd8 18. Kd2 Ng6 19. Qb4 Qxb4 20. axb4 a6 21. Rg1 Nc6 22. g5 hxg5 23. Bxg5 Nce7 24. Bg4 Nf5 25. Ng3 Nge7 26. Nxf5 exf5 27. Bf3 Be6 28. Bxe7 Rxe7 29. Rhg3 g6 30. h5 Kc7 31. hxg6 Rxg6 32. Rxg6 fxg6 33. Rxg6 Kd7 34. Bxd5 1-0

[Event "Havirov op 13th"]
[Site "Havirov"]
[Date "2012.08.25"]
[Round "4"]
[White "Olsar, Jaroslav"]
[Black "Borovicka, Bohumil"]
[Result "1-0"]
[WhiteElo "2220"]
[BlackElo "1947"]
[PlyCount "81"]
[EventDate "2012.08.25"]
[EventType "swiss"]
[EventRounds "9"]
[EventCountry "CZE"]
[SourceTitle "EXT 2013"]
[Source "ChessBase"]
[SourceDate "2012.11.22"]
[SourceVersion "1"]
[SourceVersionDate "2012.11.22"]
[SourceQuality "1"]

1. e4 e6 2. d4 d5 3. e5 c5 4. c3 Nc6 5. Nf3 Nge7 6. Na3 cxd4 7. cxd4 Nf5 8. Nc2 Be7 9. Bd3 h6 10. a3 a5 11. Bd2 Qb6 12. Bc3 0-0 13. h4 f6 14. Qe2 fxe5 15. dxe5 Bc5 16. Rd1 Kh8 17. g4 Nfe7 18. Rh3 Bd7 19. Kf1 Rf7 20. Kg2 Raf8 21. Rg3 g6 22. b4 axb4 23. axb4 Nxb4 24. Nxb4 d4 25. Bd2 Bxb4 26. Rb1 Nd5 27. Qe4 Qc5 28. Rc1 Qa5 29. Bxh6 Rg8 30. Qxd4 Bc6 31. Be4 Rd7 32. Qc4 Kh7 33. Bg5 Kg7 34. Kh2 Rf8 35. Qc2 Ba4 36. Qe2 Nc3 37. Bf6+ Kg8 38. Qe3 Nxe4 39. Qxe4 Rg7 40. Bxg7 Kxg7 41. Rb1 1-0

[Event "Karvina op"]
[Site "Karvina"]
[Date "2012.07.06"]
[Round "7"]
[White "Sobek, Jaroslav"]
[Black "Borovicka, Bohumil"]
[Result "1-0"]
[WhiteElo "2251"]
[BlackElo "1952"]
[PlyCount "125"]
[EventDate "2012.06.30"]
[EventType "swiss"]
[EventRounds "9"]
[EventCountry "CZE"]
[SourceTitle "EXT 2014"]
[Source "ChessBase"]
[SourceDate "2013.11.20"]
[SourceVersion "1"]
[SourceVersionDate "2013.11.20"]
[SourceQuality "1"]

1. d4 d5 2. c4 c6 3. Nf3 Nf6 4. Nc3 e6 5. Bg5 Nbd7 6. e3 Qa5 7. Nd2 dxc4 8. Bxf6 Nxf6 9. Nxc4 Qc7 10. Be2 Be7 11. 0-0 0-0 12. Rc1 Rd8 13. Qb3 Bd7 14. Rfd1 Rac8 15. a3 c5 16. dxc5 Bxc5 17. Nb5 Bxb5 18. Rxd8+ Qxd8 19. Qxb5 b6 20. Ne5 Bf8 21. Nc6 Qe8 22. Bf3 Qd7 23. g3 h6 24. Rd1 Qb7 25. Nd4 Qc7 26. Qa6 Rd8 27. Kg2 Qb8 28. Nc6 Qc8 29. Qxc8 Rxc8 30. Nxa7 Rc2 31. b4 Ra2 32. Nb5 g5 33. h3 Kg7 34. Rd8 Rb2 35. g4 Ra2 36. Rd3 Be7 37. Bb7 Rc2 38. Kf3 Kg6 39. e4 e5 40. Nc3 Rc1 41. Na4 Rc7 42. Bd5 Nd7 43. Nc3 Nf8 44. Bb3 Rd7 45. Ke3 f6 46. Rxd7 Nxd7 47. Be6 Nb8 48. Nd5 Bd8 49. b5 h5 50. Bf5+ Kh6 51. gxh5 Kxh5 52. Kd3 Kh6 53. Kc4 Kg7 54. Be6 Kf8 55. a4 Ke8 56. Ne3 Bc7 57. Kd5 Ke7 58. Nf5+ Ke8 59. Nh6 Kf8 60. Ng8 Nd7 61. Bxd7 Kxg8 62. Kc6 Bd8 63. a5 1-0

[Event "Karvina op"]
[Site "Karvina"]
[Date "2012.07.04"]
[Round "5"]
[White "Charouz, Jaroslav"]
[Black "Borovicka, Bohumil"]
[Result "0-1"]
[WhiteElo "1663"]
[BlackElo "1952"]
[PlyCount "74"]
[EventDate "2012.06.30"]
[EventType "swiss"]
[EventRounds "9"]
[EventCountry "CZE"]
[SourceTitle "EXT 2014"]
[Source "ChessBase"]
[SourceDate "2013.11.20"]
[SourceVersion "1"]
[SourceVersionDate "2013.11.20"]
[SourceQuality "1"]

1. e4 e6 2. d4 d5 3. Nc3 Bb4 4. e5 c5 5. a3 Bxc3+ 6. bxc3 Qa5 7. Bd2 Qa4 8. Nf3 b6 9. Be2 Ba6 10. 0-0 Ne7 11. Bxa6 Nxa6 12. Qe2 0-0 13. Bg5 Nc6 14. Be3 Rac8 15. Ng5 cxd4 16. cxd4 h6 17. Nf3 Nc7 18. Rfc1 Na5 19. Bd2 Nc4 20. Bb4 Rfe8 21. Bd2 Nb5 22. c3 Nbxa3 23. Bf4 Qd7 24. g4 Qe7 25. h4 Rf8 26. Kh2 f6 27. g5 fxg5 28. Bg3 Qf7 29. Kg2 gxh4 30. Nxh4 g5 31. Qg4 Kh7 32. Nf3 Qg6 33. Rh1 Kg7 34. Rh5 Rf5 35. Rah1 Rh8 36. R5h2 Nc2 37. Rh5 N2e3+ 0-1

[Event "Karvina op"]
[Site "Karvina"]
[Date "2012.07.03"]
[Round "4"]
[White "Borovicka, Bohumil"]
[Black "Mrazek, Roman"]
[Result "1/2-1/2"]
[WhiteElo "1952"]
[BlackElo "1775"]
[PlyCount "37"]
[EventDate "2012.06.30"]
[EventType "swiss"]
[EventRounds "9"]
[EventCountry "CZE"]
[SourceTitle "EXT 2014"]
[Source "ChessBase"]
[SourceDate "2013.11.20"]
[SourceVersion "1"]
[SourceVersionDate "2013.11.20"]
[SourceQuality "1"]

1. d4 d5 2. Nf3 e6 3. e3 Nf6 4. Bd3 Nbd7 5. Nbd2 a6 6. 0-0 Be7 7. b3 0-0 8. Bb2 b6 9. Ne5 Bb7 10. Qf3 c5 11. Qh3 Ne4 12. f3 Ng5 13. Qg3 f6 14. Nxd7 Qxd7 15. Rad1 Rae8 16. c4 Bd6 17. Qh4 Qe7 18. Rfe1 f5 19. f4 1/2-1/2

[Event "Karvina op"]
[Site "Karvina"]
[Date "2012.07.01"]
[Round "2"]
[White "Borovicka, Bohumil"]
[Black "Lipus, Drahomir"]
[Result "1/2-1/2"]
[WhiteElo "1952"]
[BlackElo "1558"]
[PlyCount "89"]
[EventDate "2012.06.30"]
[EventType "swiss"]
[EventRounds "9"]
[EventCountry "CZE"]
[SourceTitle "EXT 2014"]
[Source "ChessBase"]
[SourceDate "2013.11.20"]
[SourceVersion "1"]
[SourceVersionDate "2013.11.20"]
[SourceQuality "1"]

1. d4 Nf6 2. Bf4 d5 3. e3 Bf5 4. c4 c6 5. Nc3 e6 6. Qb3 b6 7. Nf3 Be7 8. Be2 0-0 9. 0-0 Ne4 10. Rac1 Nd7 11. cxd5 exd5 12. Ba6 Bd6 13. Nxe4 Bxf4 14. Ned2 Bh6 15. Bb7 Be6 16. Bxa8 Qxa8 17. Qc3 Rc8 18. b4 g6 19. a3 Bg7 20. Ne5 Nxe5 21. dxe5 c5 22. Nf3 h6 23. h3 c4 24. Ne1 b5 25. f4 Bf5 26. Nf3 Be4 27. Nd2 Bxg2 28. Rf2 Bxh3 29. Nf3 Qc6 30. Nd4 Qd7 31. Rh2 Bf5 32. Nxf5 Qxf5 33. Qd4 Qd7 34. Rd2 Rd8 35. Kf2 Qe7 36. Rh1 g5 37. Qc5 Qe6 38. Qxa7 Qf5 39. Qb6 Ra8 40. Rxd5 Qc2+ 41. Kg3 Rxa3 42. fxg5 Qe4 43. Rd8+ Bf8 44. Rxf8+ Kxf8 45. Qd8+ 1/2-1/2